[Event "18th Reykjavik op"]
[Site "Reykjavik ISL"]
[Date "1998.03.13"]
[Round "4.14"]
[White "Karason, Askell Oern"]
[Black "Akesson, Ralf"]
[Result "0-1"]
[WhiteElo "2260"]
[BlackElo "2505"]
[EventDate "1998.03.10"]
[PlyCount "110"]

1.d4 {Hecht} 1...e6 2.c4 Nf6 3.Nc3 Bb4 4.Qc2 c5 5.dxc5 O-O 6.a3 Bxc5 7.Nf3
b6 8.Bg5 Bb7 9.e3 Be7 10.Be2 ( 10.Rd1 d6 ( 10...Na6 11.Be2 Nc5 12.Rd4 d6 
13.O-O a6 14.b4 Ncd7 15.Nd2 Rc8 16.Nb3 Qc7 17.Rc1 Ne5 18.Qd1 Rfd8 19.Qf1 
Qb8 {0-1 Farago,I-Spassov,L/EU-chT 1977/EU-chT (41)} ) ( 10...a6 11.Be2 ( 
11.Bd3 h6 12.Bxf6 Bxf6 13.O-O Ra7 14.Be2 Ba8 15.Rd2 Rc7 16.Rfd1 Qe7 17.Nd4
Nc6 18.Nxc6 Bxc6 19.Qd3 Rb8 {E-E Shamkovich,L-Kudrin,S/New York op 
1984/MCD-op (28)} ) 11...Qc7 12.O-O d6 13.Rd2 Nbd7 14.Rfd1 h6 15.Bh4 Rfd8 
16.b4 Rac8 17.Bg3 e5 18.Rc1 Qb8 19.Qb1 Qa8 20.Ne1 Rc7 21.f3 Rdc8 22.Rdc2 {
Gladyszew,O-Neverov,A/Gyongyos op/1995/1-0 (45)} ) ( 10...h6 11.Bf4 Nh5 
12.Bd6 Bxd6 13.Rxd6 Bxf3 14.gxf3 Nc6 15.Be2 Rc8 16.O-O f5 17.f4 Qh4 18.Qd1
Nf6 19.Bf3 Kh8 20.Kh1 {Sakalauskas,V-Sulskis,S/MK Cafe op 1997/E-E (64)} )
11.e4 Nbd7 12.Be2 Qc7 13.O-O a6 14.Nd2 d5 15.cxd5 exd5 16.exd5 Nxd5 17.
Bxe7 Nxe7 18.Bd3 Ng6 19.Be4 Nf6 20.Bxb7 Qxb7 21.Nde4 Nxe4 22.Qxe4 {E-E Dao
Thien Hai-Fish,G/Spring op 1993} ) ( 10.Bd3 h6 11.Bxf6 Bxf6 12.O-O Nc6 13.
Ne4 Be7 14.Rfd1 Qc7 15.Rac1 Rac8 16.Qe2 Na5 17.Ned2 d5 18.b4 Nxc4 19.Nxc4 
dxc4 20.Rxc4 Qb8 21.h3 Bf6 {Petrosian,T-Larsen,B/Tilburg 1981/E-E (72)} ) 
10...d6 ( 10...h6 11.Bh4 d5 12.Bxf6 Bxf6 13.cxd5 Bxc3+ 14.Qxc3 Bxd5 15.O-O
{E-E Boleslavsky,I-Taimanov,M/URS-ch24/1957/} ) 11.O-O Nbd7 12.Rfd1 a6 13.
b4 ( 13.e4 Qc7 14.Rac1 Rac8 15.Nd2 h6 16.Be3 Qb8 17.Qb1 Bc6 18.b4 Qa8 19.
f3 Rfe8 20.Nb3 Qb8 21.a4 Ba8 22.c5 a5 {E-E Ivanov,J-Ulibin,M/Cheliabinsk 
1989/ (40)} ) 13...Rc8 14.Rac1 ( 14.Qb3 Qc7 15.Rac1 Rfd8 ( 15...Rfe8 16.h3
Bxf3 17.gxf3 Ne5 18.Nb1 Ng6 19.Nd2 h6 20.Bxf6 Bxf6 21.Qd3 Red8 22.f4 Nh4 {
E-E Larsen,B-Franco,Z/Moron op 1981 (51)} ) 16.Nd2 Ne5 17.Bf4 h6 18.Qb1 
Bc6 19.Bxe5 dxe5 20.Nb3 a5 21.Rxd8+ Qxd8 22.Rd1 Qc7 23.Nd2 e4 24.Ncxe4 
Nxe4 25.Nxe4 axb4 {E-E Hansen,L-Hansen,C/Graested/1990/} ) 14...Qc7 15.Qb2
Qb8 16.Nd2 Qa8 17.Bf1 ( 17.Bf3 $2 Bxf3 18.gxf3 Ne5 $17 ) 17...h6 18.Bh4 g5
$5 {Fine strategical motive, black finds the courage to expose his 
kingside in order to change the bishop for the knight.} 19.Bg3 Nh5 20.Nb3 
( 20.Ne2 f5 21.Qc2 Nxg3 22.Nxg3 Ne5 $15 ) 20...Qb8 ( 20...Nxg3 21.hxg3 
Rfd8 $15 ) 21.Nd4 Nxg3 22.hxg3 Rc7 23.Qa2 {White has problems with exposed
c4 pawn, so he prepares tactical counterblow with sacrifice on e6.} 23...
Nf6 $6 ( 23...Rfc8 24.c5 d5 ( 24...dxc5 25.Nxe6 $1 ) 25.c6 Bxc6 26.Bxa6 
Bb7 27.Bxb7 Qxb7 $17 ) 24.Qa1 Rfc8 25.a4 Ng4 ( 25...Nd7 26.Nb3 ( 26.a5 
bxa5 27.Qxa5 Ne5 ) ( 26.Nc2 d5 27.b5 dxc4 28.bxa6 Bxa6 $17 ) 26...d5 27.
Na2 Bf6 28.Qb1 dxc4 29.Bxc4 Rxc4 30.Rxc4 Rxc4 31.Rxd7 Bc6 32.Qd3 Bxd7 33.
Qxc4 Bxa4 $17 ) 26.a5 ( 26.Nb1 d5 ( 26...Ne5 27.Nd2 Bf6 28.a5 Qa7 $15 ) 
27.Be2 h5 28.b5 axb5 29.axb5 dxc4 $17 ) 26...bxa5 27.Qxa5 Ne5 28.b5 ( 28.
Na4 Nxc4 29.Bxc4 Rxc4 30.Rxc4 Rxc4 31.b5 Qd8 $17 ) 28...Nxc4 ( 28...axb5 
29.cxb5 Qa8 $17 ) 29.Bxc4 Rxc4 30.bxa6 {Karason has managed to create some
counterplay, even though black's activity and bishops pair clearly 
indicate the favorite.} ( 30.Nce2 Bd8 31.Qd2 Rxc1 32.Nxc1 Bb6 $17 ) 30...
Ba8 ( 30...Qa8 $5 31.axb7 Qxa5 32.bxc8=Q+ Rxc8 33.Nd5 Qxd5 34.Rxc8+ Kg7 
$17 ) ( 30...Bd8 31.Qb5 Bxa6 32.Qxa6 Rxc3 33.Rb1 $15 ) ( 30...Bxa6 31.Qxa6
Rxc3 32.Rxc3 Rxc3 33.Nc6 Qe8 34.Nxe7+ Qxe7 35.Qxd6 Qxd6 36.Rxd6 $15 ) 31.
Rb1 ( 31.Nce2 d5 ( 31...Rxc1 32.Rxc1 Rxc1+ 33.Nxc1 Qc8 34.Nce2 $13 ) 32.a7
Qb7 $15 ) 31...Qa7 ( 31...Qc7 32.Qxc7 R4xc7 33.Ncb5 $11 ) 32.Na4 ( 32.Ncb5
Qd7 $15 ) 32...Bd8 33.Qb5 ( 33.Nb6 Rb8 ( 33...R8c5 34.Nb5 Bxb6 $1 ( 34...
Qxb6 35.Qxb6 Bxb6 36.Nxd6 $16 ) 35.Nxa7 Bxa5 36.Rb8+ Kg7 37.Rxa8 Rc1 38.
Rxc1 Rxc1+ 39.Kh2 Ra1 ( 39...Be1 40.Nb5 Bxf2 41.a7 g4 42.Rg8+ Kf6 43.Rxg4 
$18 ) 40.Nb5 Bb4 41.a7 Bc5 42.Re8 Bxa7 43.Ra8 Bd4 44.Rxa1 Bxa1 45.Nxd6 $11
) 34.Qb5 Rxd4 35.Qe8+ Kg7 36.Nd7 Rxd1+ 37.Rxd1 Bc7 38.Nxb8 Qxb8 39.Qxb8 
Bxb8 40.a7 Bxa7 41.Ra1 Bxe3 42.fxe3 Be4 $15 ) 33...Be4 34.Nb6 Bxb6 35.Qxb6
Qa8 36.Qxd6 $2 {This loses without much fight, flight with a king from g1 
was probably preferable.} ( 36.Ra1 Bxg2 ( 36...e5 $6 37.Nb5 R4c6 38.Qb7 d5
39.f3 $14 ) 37.Qxd6 Bh1 38.Kf1 R4c7 39.Ke2 Bd5 $15 ) 36...Bxb1 37.Rxb1 
Rc1+ 38.Rxc1 Rxc1+ 39.Kh2 Ra1 40.Qe5 ( 40.Nxe6 $2 Rxa6 41.Qd8+ Qxd8 42.
Nxd8 Rb6 43.e4 Kf8 $19 ) 40...Qxa6 {[#] Hecht: Technique and tactics with 
pawns on one wing. A later winning motif: pinning the knight. [#] Hecht: 
Technik und Taktik bei Bauern auf einem Fluegel. Spaeteres Gewinnmotiv: 
Fesselung des Springers.} 41.Qf6 Qf1 $1 42.Kh3 ( 42.g4 Qh1+ 43.Kg3 Qh4+ 
44.Kf3 h5 45.Ke2 ( 45.gxh5 g4+ $19 ) 45...Qxg4+ $19 ) 42...Qh1+ 43.Kg4 
Qxg2 ( 43...Ra6 44.Kf3 Qd1+ 45.Ke4 Rd6 $19 ) 44.Qxh6 Qe4+ 45.f4 $8 ( 45.
Kxg5 Ra5+ 46.Kf6 Qe5+ 47.Ke7 Ra7+ 48.Ke8 Qb8# ) ( 45.Kh3 Rh1# ) 45...Ra5 (
45...gxf4 46.Qg5+ Kh7 47.Qh4+ Kg7 48.Qg5+ Qg6 49.Qxg6+ Kxg6 50.gxf4 Ra3 
$19 ) 46.Qf6 gxf4 47.exf4 ( 47.gxf4 Qg2+ 48.Kh4 Qh1+ ( 48...Qh2+ {Hecht} 
49.Kg4 Rh5 50.Qd8+ Kh7 $19 {[%cal Rh2h3]} ) 49.Kg3 Rh5 $19 ) 47...Rd5 48.
Nf3 Qe2 49.Qe7 ( 49.Qc3 Rd3 50.Qc8+ Kg7 51.Qb7 Rxf3 52.Qxf3 f5+ $19 ) 
49...Kg7 50.Qb7 Qd1 ( 50...Rd3 $19 ) ( 50...Rd3 $1 {Hecht} 51.f5 ( 51.Qc6 
Qxf3+ 52.Qxf3 f5+ $19 ) 51...exf5+ 52.Kf4 Qe3+ ) 51.Qb2+ Kh7 ( 51...Kg6 {
Hecht} 52.Qh8 f5+ 53.Kh3 Qf1+ 54.Kh2 {[%cal Rh8g8]} ) 52.Qf6 Kg8 53.Qe7 
Kg7 54.Qh4 ( 54.Qb7 Rd3 $19 ( 54...Rd3 {Hecht} 55.Qb2+ Kg6 $19 ) ) 54...f6
55.Qh2 Rd3 ( 55...Rd3 56.Qg2 Rxf3 57.Qxf3 f5+ $19 ) 0-1

[Event "18th Reykjavik op"]
[Site "Reykjavik ISL"]
[Date "1998.03.13"]
[Round "4.15"]
[White "Davies, Nigel"]
[Black "Hillarp Persson, Tiger"]
[Result "1-0"]
[WhiteElo "2515"]
[BlackElo "2410"]
[EventDate "1998.03.10"]
[PlyCount "63"]

1.Nf3 Nf6 2.g3 g6 3.Bg2 Bg7 4.O-O O-O 5.d4 d6 6.c4 Nbd7 7.Nc3 e5 8.b3 Re8 
9.h3 exd4 ( 9...c6 10.Qc2 e4 11.Nd2 e3 12.fxe3 Rxe3 13.Nde4 Nxe4 14.Nxe4 
Rxg3 15.e3 Rg5 ( 15...Rxg2+ $142 ) 16.Nxg5 Qxg5 17.Qf2 $16 {1-0 
Kurajica,B-Belkhodja,S/OHRA-B 1985 (26)} ) 10.Nxd4 Nc5 11.Bb2 c6 ( 11...
Nfe4 12.Nxe4 Nxe4 13.Qc2 f5 ( 13...Qe7 14.Rad1 a6 15.Nf3 Bxb2 16.Qxb2 Bd7 
17.Nd2 Bc6 18.Nxe4 Bxe4 $11 {E-E Csom,I-Laketic,G/Mendrisio op 1989 (46)} 
) 14.Rad1 Qe7 15.e3 Bd7 16.Ne2 Bc6 17.Nf4 $14 {[%cal Gf4d5] E-E 
Vidmar,M-Tsvetkov,A/JUG-ch 1945 (25)} ) ( 11...a5 12.Qc2 Bd7 13.Nf3 Bf5 
14.Qd2 a4 15.bxa4 Nfe4 16.Nxe4 Bxe4 {E-E Csom,I-Zifroni,D/Budapest FS07 GM
1993} ) ( 11...Bd7 12.Rc1 Qc8 13.Kh2 h5 14.Nf3 a5 15.Ba1 Qd8 16.Re1 Bf5 
17.Nd4 Bd7 18.Nf3 Bf5 19.Nd4 Bd7 {E-E Csom,I-Weindl,A/Lenk op 1993} ) 12.
Qc2 Qb6 13.e3 $14 {[%csl Rd6]} 13...a5 14.Rfd1 {[%cal Gd1d6]} 14...h5 ( 
14...a4 $5 15.Nxa4 Nxa4 16.bxa4 Qb4 17.Rab1 Qxa4 18.Qxa4 Rxa4 19.Nxc6 Ne4 
( 19...Bf5 20.Rbc1 Rxa2 21.Bxf6 Bxf6 22.Nb4 Ra4 23.Nd5 Bb2 24.g4 $11 ) 20.
Bxe4 Rxe4 21.Bxg7 Kxg7 22.Nd8 Rxa2 23.Nxb7 Bxb7 24.Rxb7 Rxc4 $11 ) 15.Rd2 
a4 16.Nxa4 Nxa4 17.bxa4 Nd7 $6 ( 17...Qb4 $5 18.Nb3 Rxa4 ( 18...Bf5 19.Qd1
( 19.Bc3 Bxc2 20.Bxb4 Rxa4 ( 20...Bxb3 21.axb3 Ne4 22.Bxe4 Bxa1 23.Bg2 Be5
24.f4 Bg7 25.Kf2 $14 ) 21.Rxc2 Rxb4 22.Rd1 Ne4 $11 ) 19...Ne4 20.Bxe4 Rxe4
( 20...Bxb2 21.Rb1 ( 21.Bxf5 Bxa1 22.Qxa1 gxf5 23.Qf6 Re6 $132 ) 21...Bxe4
22.Rbxb2 Qxc4 23.Rxd6 $14 ) 21.Bxg7 Kxg7 22.Rxd6 Rxc4 $132 ) ) 18.Nb3 $1 
$16 Bxb2 19.Qxb2 Ne5 ( 19...Rxa4 20.Rxd6 Rxc4 $140 21.Bd5 Ne5 22.Bxc4 Nxc4
23.Qd4 $16 ) 20.a5 ( 20.Rc1 $5 {[%cal Gc4c5]} ) 20...Qb4 ( 20...Qa6 $1 21.
Rd4 Nxc4 ( 21...c5 22.Re4 $1 {[%cal Gb3c5,Gf2f4,Ge4e8]} 22...Bxh3 ( 22...
Bf5 23.Nxc5 Qa7 24.Rxe5 dxe5 25.Nxb7 Rab8 26.Qb6 $16 ) 23.Rxe5 $16 ) 22.
Qc3 d5 23.e4 Nd6 $132 ) 21.a3 Qa4 ( 21...Qxc4 22.Rxd6 $16 ) 22.Rd4 $1 Nxc4
( 22...c5 23.Rh4 $16 ) 23.Qc3 d5 24.e4 $16 {[%cal Gd4a4]} 24...Be6 25.exd5
cxd5 26.Bxd5 Bxd5 27.Rxd5 {[%csl Rf6,Rg7][%cal Gb3c5,Gc5d7,Gd7f6]} 27...
Rac8 ( 27...b5 28.axb6 ( 28.Qb4 Nxa3 $1 29.Qxa3 ( 29.Qxa4 bxa4 30.Nd2 $1 
$16 ) 29...Re1+ 30.Kh2 Rxa1 $14 ) 28...Nxb6 29.Rd4 $16 ) 28.Nc5 Qb5 $2 ( 
28...Qxa5 29.Qxc4 ( 29.Qxa5 Nxa5 30.Nd7 Red8 31.Nf6+ Kg7 32.Nxh5+ gxh5 33.
Rxa5 $16 ) 29...b6 30.Rd6 Re1+ 31.Rxe1 Qxe1+ 32.Kg2 Rxc5 33.Rxg6+ Kf8 34.
Qf4 $18 ) 29.Nd7 $1 $18 Nd6 ( 29...Qc6 30.Nf6+ Kf8 31.Nxe8 Qxd5 32.Qh8+ 
Ke7 33.Re1+ $18 ) 30.Nf6+ Kf8 31.Qd2 $1 Re7 32.Qh6# 1-0

[Event "18th Reykjavik op"]
[Site "Reykjavik ISL"]
[Date "1998.03.13"]
[Round "4.16"]
[White "Olsen, Heini"]
[Black "Sokolov, Ivan"]
[Result "0-1"]
[WhiteElo "2270"]
[BlackElo "2625"]
[EventDate "1998.03.10"]
[PlyCount "53"]

1.Nf3 c5 2.c4 Nc6 3.Nc3 Nd4 4.Ng1 Nf6 5.e3 Nc6 6.Nf3 e6 7.d4 d5 8.a3 cxd4 
9.exd4 Be7 10.cxd5 Nxd5 11.Bd3 O-O 12.O-O Bf6 13.Be4 Nce7 14.Qd3 h6 15.Ne5
Nxc3 16.Qxc3 Nf5 17.Be3 Nxe3 18.fxe3 Rb8 19.Rac1 Bd7 20.Nxd7 Qxd7 21.Qc7 
Qb5 22.Rxf6 gxf6 23.Rc5 Qe2 24.Qg3+ Kh8 25.h3 f5 26.Bxf5 exf5 27.Rxf5 0-1

[Event "18th Reykjavik op"]
[Site "Reykjavik ISL"]
[Date "1998.03.13"]
[Round "4.17"]
[White "Conquest, Stuart"]
[Black "Bjornsson, Sigurbjorn"]
[Result "1-0"]
[WhiteElo "2480"]
[BlackElo "2210"]
[EventDate "1998.03.10"]
[PlyCount "45"]

1.e4 e5 2.Nf3 Nc6 3.Bc4 Bc5 4.b4 Bxb4 5.c3 Ba5 6.d4 exd4 7.O-O Nf6 8.Ba3 
d6 9.e5 d5 10.Bb5 Ne4 11.e6 ( 11.Qa4 Bxc3 12.Nxc3 Nxc3 13.Bxc6+ bxc6 14.
Qxc6+ Bd7 15.Qc5 Nb5 16.Bb4 a5 17.a4 Nc3 18.Ba3 Nxa4 19.Qxd5 Be6 20.Qc6+ 
Bd7 {Djurhuus,R-Egger,J/WchJM-U20 1990} ) 11...Bxe6 ( 11...fxe6 12.cxd4 
$44 {e5} ( 12.Ne5 $5 ) ) 12.Qa4 Bd7 ( 12...Bxc3 ) 13.Bxc6 Bxc6 $2 ( 13...
Bxc3 14.Bxd7+ Qxd7 15.Nxc3 dxc3 $13 ) 14.Qxa5 $18 b6 15.Qb4 dxc3 ( 15...d3
16.Rd1 $18 ) 16.Nxc3 Qf6 ( 16...Qd6 17.Rac1 $18 ) 17.Nxe4 ( 17.Rac1 O-O-O 
18.Nxe4 dxe4 $18 ) 17...dxe4 18.Rad1 ( 18.Rac1 O-O-O ( 18...exf3 19.Rxc6 
O-O-O ( 19...Qxc6 20.Qe7# ) 20.Rxf6 $18 ) 19.Bb2 Qd6 20.Qxd6 Rxd6 $18 ) 
18...Rd8 ( 18...Bb7 19.Qa4+ Qc6 $18 ) 19.Nd4 Bd7 20.Nb5 {ii c7} 20...Bxb5 
( 20...c5 21.Qxe4+ Kf8 $18 ) 21.Qxe4+ $1 Qe6 22.Rxd8+ Kxd8 23.Rd1+ ( 23.
Rd1+ Qd6 ( 23...Kc8 24.Qa8# ) ( 23...Bd7 24.Qa8# ) ( 23...Ke8 24.Qa8+ Qc8 
25.Qxc8# ) 24.Bxd6 cxd6 25.Qa8+ $18 ) 1-0

[Event "18th Reykjavik op"]
[Site "Reykjavik ISL"]
[Date "1998.03.13"]
[Round "4.18"]
[White "Einarsson, Einar Kristinn"]
[Black "Gunnarsson, Jon Viktor"]
[Result "1/2-1/2"]
[WhiteElo "2085"]
[BlackElo "2390"]
[EventDate "1998.03.10"]
[PlyCount "170"]

1.e4 e5 2.Nc3 Nf6 3.g3 Bc5 4.Bg2 d6 5.Nge2 c6 6.Na4 Bb4 7.a3 Ba5 8.b4 Bc7 
9.d4 Qe7 10.dxe5 dxe5 11.Be3 Nbd7 12.c4 O-O 13.O-O Rd8 14.Qc2 Ng4 15.Bd2 
Nb6 16.Nxb6 axb6 17.h3 Nf6 18.Be3 Be6 19.Rfc1 Ne8 20.c5 bxc5 21.bxc5 f6 
22.Nc3 Qf7 23.Rcb1 Ba5 24.Bf1 f5 25.exf5 Bxf5 26.Ne4 Kh8 27.Ng5 Qg6 28.Qb3
Rd7 29.Bc4 Bxb1 30.Rxb1 Nc7 31.Nf7+ Rxf7 32.Bxf7 Qf6 33.Bc4 Rf8 34.Rd1 Qf3
35.Qd3 h6 36.Bb3 e4 37.Qd4 Nb5 38.Qe5 Bc7 39.Qb2 Bxg3 40.Rd7 Nc3 41.Bd4 
Rf6 42.Bxf6 gxf6 43.Bc4 b5 44.Qd2 Bxf2+ 45.Qxf2 bxc4 46.Qxf3 exf3 47.Rd2 
Na4 48.Rc2 c3 49.Kf2 Kg7 50.Kxf3 Kg6 51.Ke3 Kg5 52.Kd4 f5 53.Kc4 Kf4 54.
Kb4 Nb2 55.Rxc3 Nd1 56.Rd3 Ne3 57.a4 Ke4 58.Rxe3+ Kxe3 59.a5 f4 60.a6 f3 
61.a7 f2 62.a8=Q f1=Q 63.Qxc6 Qxh3 {} 64.Qe8+ Kf2 65.c6 Qg4+ 66.Kc5 Qf4 
67.Qd7 Qc1+ 68.Kd6 Qf4+ 69.Ke7 Qg5+ 70.Kf7 Qh5+ 71.Kf8 Qc5+ 72.Kg7 Qc3+ ( 
72...Qg5+ 73.Kh7 $18 ) 73.Kxh6 Qe3+ 74.Kg6 {[#] In the long term, the 
positon is lost, but Black should be able to defend himself better and 
hold out. For that purpose, ...Qg3+ was tougher. A medal is awarded for a 
strategical endgame blunder. [#] Langfristig ist die Position verloren, 
doch sollte Schwarz sich besser hinhaltend verteidigen. Deshalb war hier 
etwa Dg3+ zaeher. Fuer die strategischen Endspielpatzer wird eine Medaille
verliehen.} 74...Kg1 $6 {White should now centralize his queen by Qg4+ and
at the same time force the Black to a worse square, in that he is driven 
from the southeast-corner towards the middle of the board due to the 
exchange possibility Qg5+. That was my opinion, before I asked my 
Endgame-CD. The Endgame-CD is of this opinion: Win in 7 moves by playing 
75.c7 ! The motif is counter-check on g7. Apart from the text move, quite 
good moves are Kh7,Qd6, and Qg7(!). Wei@). sollte jetzt mit Dg4+ seine 
Dame zentralisieren und dabei gleichzeitig den schwarzen K@warzen nig 
schlechterstellen, indem er wegen der Tauschm@rstellen, glichkeit Dg5+ aus
der Suedost-Ecke Richtung Brettrandmitte getrieben wird, wo er fuer 
Gegenschachs anfaelliger ist. Das war meine Meinung, bevor ich die 
Endspiel-CD befragte. Die ENDSPIEL-CD meint: Gewinn in 7 Zuegen und zieht 
c7! Motiv ist das Gegenschach auf g7. Ganz gut sind auch noch der Textzug 
sowie Kh7, Dd6 und Dg7(!).} 75.Qd1+ ( 75.Qg4+ $5 Kf2 76.Qh4+ Ke2 77.Qc4+ 
Kd1 78.c7 {In comparison with the game continuation, the White queen 
stands definitively better than on c2. The Endgame-CD explains here: Win 
in 13 moves. Im Vergleich zur Textfortsetzung steht die wei@ e Dame auf c4
wesentlich besser als auf c2. Die Endspiel-CD erklaert hierzu: Gewinn in 
13 Zuegen.} ) ( 75.c7 $1 Qg3+ 76.Kh7 Qh4+ 77.Kg8 Qc4+ 78.Kh8 Qh4+ 79.Qh7 
$18 ) 75...Kf2 76.Qc2+ Kg1 77.c7 $2 ( 77.Qd1+ $142 $1 {A repentant retreat
was called for! Reumuetige Rueckkehr war angesagt!} ) 77...Qe6+ $11 {The 
White king can no longer find a good square, due to checks combined with 
attack on c7 at the decisive points. Durch Schachgebote mit Angriff auf 
den Bc7 an den entscheidenden Stellen findet der wei@t e K@@t nig keine 
guten Felder mehr.} 78.Kg5 Qe5+ 79.Kg4 Qg7+ 80.Kf3 Qf6+ 81.Ke3 Qe5+ {[%cal
Re5c7]} 82.Kd2 Qf4+ {[%cal Rf4c7]} 83.Kd1 ( 83.Kd3 Qg3+ $11 {[%cal Rg3c7]}
) 83...Qf1+ 84.Kd2 Qf4+ 85.Kd3 Qg3+ 1/2-1/2

[Event "18th Reykjavik op"]
[Site "Reykjavik ISL"]
[Date "1998.03.13"]
[Round "4.19"]
[White "Steindorsson, Sigurdur Pall"]
[Black "Halldorsson, Bragi"]
[Result "0-1"]
[WhiteElo "2027"]
[BlackElo "2285"]
[EventDate "1998.03.10"]
[PlyCount "44"]

1.c4 c6 2.Nf3 d5 3.b3 Bf5 4.e3 e6 5.Bb2 Nd7 6.Nc3 h6 7.Be2 Ngf6 8.O-O Be7 
9.d3 Bh7 10.cxd5 exd5 11.e4 dxe4 12.dxe4 Nc5 13.e5 Nfd7 14.b4 Ne6 15.Bc4 
Bxb4 16.Bxe6 fxe6 17.Qb3 Qe7 18.Nd4 Bxc3 19.Nxe6 Bxb2 20.Nc7+ Kd8 21.Nxa8 
Bxa1 22.e6 Nc5 0-1

[Event "18th Reykjavik op"]
[Site "Reykjavik ISL"]
[Date "1998.03.13"]
[Round "4.20"]
[White "Wiese, Hans Joachim"]
[Black "Dewenter, Ulf"]
[Result "0-1"]
[WhiteElo "2165"]
[BlackElo "2245"]
[EventDate "1998.03.10"]
[PlyCount "84"]

1.e4 Nf6 2.e5 Nd5 3.Nf3 d6 4.d4 dxe5 5.Nxe5 g6 6.Bc4 Be6 7.O-O Bg7 8.Be2 
O-O 9.c4 Nb6 10.Na3 c6 11.Nf3 Qc7 12.b3 Rd8 13.Bb2 c5 14.Qc1 cxd4 15.Nb5 
Qc5 16.Rd1 Nc6 17.Nc7 Rac8 18.Nxe6 fxe6 19.Bd3 Rf8 20.Be4 e5 21.Re1 Nd8 
22.a4 Qc7 23.Qd2 Nd7 24.Bd5+ e6 25.Be4 Rf4 26.Qd1 Nc5 27.Nd2 a5 28.f3 Nc6 
29.Bc1 Rf7 30.Nf1 Qb6 31.Bxc6 bxc6 32.Ba3 e4 33.fxe4 d3 34.Ra2 Nxe4+ 35.c5
Nxc5 36.Bxc5 Qxc5+ 37.Kh1 Rcf8 38.Ng3 Qd5 39.Rf1 Rxf1+ 40.Nxf1 Qxb3 41.Rd2
Qxd1 42.Rxd1 e5 0-1

[Event "18th Reykjavik op"]
[Site "Reykjavik ISL"]
[Date "1998.03.13"]
[Round "4.21"]
[White "Lehikoinen, Pertti"]
[Black "Schmied, Andreas"]
[Result "0-1"]
[WhiteElo "2250"]
[BlackElo "2155"]
[EventDate "1998.03.10"]
[PlyCount "106"]

1.d4 f5 2.g3 g6 3.Bg2 Bg7 4.Nf3 Nf6 5.O-O O-O 6.c4 d6 7.Nc3 Qe8 8.d5 Na6 
9.Rb1 Nc5 10.b4 Nce4 11.Bb2 e5 12.dxe6 Bxe6 13.Nxe4 fxe4 14.Ng5 Bf5 15.g4 
Bxg4 16.Nxe4 Nxe4 17.Qd5+ Qe6 18.Bxe4 c6 19.Qxe6+ Bxe6 20.Rfc1 Rf4 21.f3 
Bh6 22.Rc2 d5 23.cxd5 cxd5 24.Bc1 dxe4 25.Bxf4 Bxf4 26.fxe4 Rd8 27.Kg2 g5 
28.a4 Rd4 29.Kf3 Rd8 30.h4 Rf8 31.hxg5 Bxg5+ 32.Kg3 h5 33.Rg1 Kh8 34.Rc5 
Rg8 35.Kf2 Be3+ 36.Kxe3 Rxg1 37.Rxh5+ Kg8 38.Ra5 a6 39.b5 axb5 40.Rxb5 Rg7
41.Kd4 Rc7 42.Rc5 Rd7+ 43.Ke5 Kf7 44.a5 Bg4 45.Rc2 Ke7 46.Ra2 Be6 47.Ra4 
Bb3 48.Rb4 Bd1 49.a6 bxa6 50.Rd4 a5 51.Rxd7+ Kxd7 52.Kd4 a4 53.Kc3 a3 0-1

[Event "18th Reykjavik op"]
[Site "Reykjavik ISL"]
[Date "1998.03.13"]
[Round "4.22"]
[White "Asgeirsson, Heimir"]
[Black "Gunnarsson, Arinbjorn"]
[Result "0-1"]
[WhiteElo "2140"]
[BlackElo "2240"]
[EventDate "1998.03.10"]
[PlyCount "96"]

1.d4 f5 2.c4 e6 3.g3 Nf6 4.Bg2 Be7 5.Nf3 O-O 6.O-O d6 7.b3 a5 8.Bb2 Na6 9.
Nc3 c6 10.e3 Nc7 11.Ne2 Bd7 12.a3 b5 13.Qc2 Ne4 14.Ne1 d5 15.Nd3 a4 16.
cxd5 axb3 17.Qd1 cxd5 18.Bxe4 fxe4 19.Ne5 Ne8 20.Qxb3 Nd6 21.Nc3 Nc4 22.
Qc2 Bd6 23.Nxc4 bxc4 24.f3 exf3 25.e4 Bc6 26.exd5 Bxd5 27.Nxd5 exd5 28.a4 
Qd7 29.a5 Rae8 30.Rf2 Bb8 31.a6 Ba7 32.Qd1 Re3 33.Ra3 Qe7 34.Rxe3 Qxe3 35.
Qd2 Qe4 36.Bc3 Re8 37.Rf1 Qe3+ 38.Rf2 Re6 39.Qa2 Bxd4 40.Bxd4 Qxd4 41.Qa5 
h6 42.Qd2 Qxd2 43.Rxd2 Rxa6 44.Rxd5 Rc6 45.Rd2 c3 46.Rc2 Kf7 47.Kf2 Ke6 
48.Kxf3 Kd5 0-1

[Event "18th Reykjavik op"]
[Site "Reykjavik ISL"]
[Date "1998.03.13"]
[Round "4.23"]
[White "Bjornsson, Bjorn Freyr"]
[Black "Leosson, Torfi"]
[Result "0-1"]
[WhiteElo "2240"]
[BlackElo "2160"]
[EventDate "1998.03.10"]
[PlyCount "61"]

1.d4 d6 2.e4 Nf6 3.Nc3 g6 4.f4 Bg7 5.Nf3 c5 6.e5 $6 ( 6.Bb5+ $142 ) ( 6.
dxc5 $142 ) 6...Nfd7 $5 ( 6...Ng4 $5 ) ( 6...dxe5 $5 ) 7.Bc4 $6 ( 7.e6 $5 
fxe6 8.Ng5 Nf6 9.dxc5 Nc6 10.cxd6 exd6 11.Bd3 d5 $13 {1-0 
Holzhaeuer,M-Darius,H/ch-GER, Gladenbach GER 1997 (51)} ) ( 7.exd6 O-O 8.
Be3 ( 8.Be2 exd6 9.O-O Nf6 10.dxc5 dxc5 11.Qxd8 Rxd8 12.Be3 Nc6 ( 12...
Nbd7 $5 ) 13.Bxc5 Bf5 14.Bc4 $14 {Lepelletier,B-Chabanon,J/FRA-ch 1995/1-0
(43)} ) 8...Qb6 $6 ( 8...exd6 9.Qd2 Nc6 10.O-O-O ( 10.Bb5 $6 Qb6 11.O-O-O 
Nf6 12.dxc5 dxc5 13.Bxc6 Qxc6 14.Ne5 Qc7 15.h3 Be6 16.Qf2 b6 17.Qf3 a6 $11
{E-E Matulovic,M-Sigurjonsson,G/Vraca (zt) 1975 (24)} ) 10...Qa5 11.f5 ( 
11.Kb1 $5 Nf6 12.h3 Be6 13.a3 Rfe8 14.Nb5 Qb6 $2 ( 14...Qxd2 $5 ) 15.Nxd6 
Nxd4 16.Bxd4 $2 ( 16.Nxe8 $1 Nxf3 17.Nxf6+ Bxf6 18.Qc1 $18 {Golod} ) 16...
Qxd6 17.Bxf6 Qxd2 18.Nxd2 Bxf6 19.Ne4 Be7 20.g4 Rad8 $15 {E-E 
Shaposhnikov,E-Gubanov,A/Chigorin mem 1995 (43)} ) 11...Nf6 12.fxg6 hxg6 
13.Bh6 Bg4 14.Bxg7 Kxg7 15.d5 $6 ( 15.dxc5 dxc5 16.Be2 Nd4 17.Rhf1 Nxe2+ 
18.Qxe2 Rad8 19.Rxd8 Qxd8 20.Qf2 {E-E Sax,G-Sigurjonsson,G/London 1975} ) 
15...Bxf3 16.gxf3 Nd4 17.Qf4 Rfe8 18.Kb1 Re5 19.Bd3 b5 20.Qg3 b4 $17 {0-1 
Sax,G-Sigurjonsson,G/Vraca (zt) 1975 (36)} ) 9.dxe7 Re8 10.Qd2 $5 ( 10.Bc4
Qb4 11.Be2 Nc6 12.a3 Qb6 13.Na4 Qa5+ 14.Bd2 Qc7 15.d5 Nd4 16.O-O $14 {1-0 
Matulovic,M-Adorjan,A/Wijk aan Zee 1974 (36)} ) 10...Qxb2 11.Rb1 Qa3 12.
Rb3 Qa5 13.Nd5 Qxa2 14.Bb5 a6 15.Bxd7 Nxd7 16.O-O c4 17.Nc7 Rxe7 18.Rbb1 
Rb8 19.Ra1 Qb2 20.Nd5 Rxe3 21.Qxe3 Qb5 22.Ne7+ Kf8 {1-0 
Matanovic,A-Rukavina,J/Jugoslavija (ch) 1975} ) ( 7.dxc5 $5 dxe5 8.fxe5 
Nc6 9.e6 fxe6 10.Ng5 Nd4 $2 ( 10...Bxc3+ 11.bxc3 Qa5 $13 {Golod} ) 11.Be3 
Nf5 12.Nxe6 Bxc3+ 13.Bd2 $1 {+- Velimirovic,D-Marangunic,S/Jugoslavija 
1982} ) ( 7.Ng5 $6 cxd4 8.e6 Nc5 9.exf7+ Kf8 10.Nce4 Nxe4 $6 ( 10...h6 $15
) 11.Nxe4 Kxf7 12.Bc4+ d5 13.Ng5+ Kg8 14.Bd3 $44 {E-E 
Griffon,O-Szabo,Z/Cappelle op 1995 (31)} ) 7...cxd4 $5 $15 ( 7...O-O 8.e6 
Nb6 9.exf7+ Kh8 10.h4 $13 Bg4 11.h5 gxh5 12.Be2 Qd7 13.Ng5 h6 14.Bxg4 Qxg4
15.Qd3 hxg5 16.Qg6 h4 17.Ne4 Rxf7 18.Nxg5 Qg3+ 19.Kf1 Rxf4+ 20.Bxf4 Qxf4+ 
21.Ke2 Qg4+ 22.Ke1 Qg3+ 23.Kd1 Qg4+ 24.Kc1 Qf4+ 25.Kb1 Qxg5 26.Qxg5 N8d7 
27.Rxh4+ {1-0 Velimirovic,D-Rajkovic,D/Skopje 1971} ) 8.Bxf7+ $2 ( 8.Qxd4 
$1 O-O 9.Qe4 Nc6 10.exd6 exd6 $15 ) 8...Kxf7 9.Ng5+ $2 {[%csl Re6][%cal 
Gg5e6]} ( 9.e6+ $142 Kf8 ( 9...Kxe6 $4 10.Ng5+ Kf6 ( 10...Kf5 11.g4+ Kf6 
12.Nd5# ) 11.Nd5+ Kf5 12.g4# ) 10.exd7 dxc3 11.dxc8=Q Qxc8 $17 ) 9...Kg8 {
[%csl Gg7,Yg8][%cal Yg8g7] g7} 10.Ne6 ( 10.Qxd4 $143 Nb6 $1 $19 {[%csl 
Yc4,Yd5] ii c6} ) 10...Qb6 $1 11.Nxd4 ( 11.Nd5 $2 Qa5+ {[%csl Rd1,Rd5]} 
12.Bd2 ( 12.Kf2 Qxd5 13.Nc7 Qc6 14.exd6 exd6 15.Nxa8 b5 $19 ) 12...Qxd5 
13.Nc7 Qxg2 14.Rf1 Nb6 $19 ) 11...dxe5 12.fxe5 Nxe5 $19 13.Be3 ( 13.Rf1 
Nbc6 14.Nxc6 bxc6 $19 {[%csl Rd5,Rd8][%cal Gc6d5,Gb6d8]} ) 13...h6 $5 {
[%cal Gg8h7]} 14.O-O $2 ( 14.b3 $142 $19 ) 14...Ng4 {[%csl Rd4,Re3][%cal 
Gg4e3,Gb6g1,Gg7d4]} 15.Nd5 Qd6 {[%csl Rd5,Rh2]} ( 15...Nxe3 $1 16.Nxb6 ( 
16.Nxe7+ Kh7 ) 16...Nxd1 17.Nxa8 Bxd4+ 18.Kh1 Nf2+ ) 16.Nxe7+ ( 16.Nf3 Be6
) 16...Qxe7 $19 17.Bf4 Nc6 18.Nxc6 bxc6 19.Qf3 Kh7 20.h3 Qc5+ 21.Kh1 Ne5 
22.Qg3 Bf5 23.b4 Qd6 24.Rad1 Qc7 25.Rde1 Rhe8 26.Re2 Re6 27.Rfe1 Rae8 28.
Qb3 g5 29.Bh2 Qd7 30.g4 Bg6 31.c4 0-1